000 00183nam a2200085Ia 4500
008 250605s9999 xx 000 0 und d
041 _aeng
100 _aHarsh Sharma
245 _aGrowpital
999 _c45891
_d45891